Tally ERP 9: Power of Simplicity Tally. (Record no. 11159)
[ view plain ]
| 000 -LEADER | |
|---|---|
| fixed length control field | 00454nam a22001697a 4500 |
| 003 - CONTROL NUMBER IDENTIFIER | |
| control field | OSt |
| 008 - FIXED-LENGTH DATA ELEMENTS--GENERAL INFORMATION | |
| fixed length control field | 220415b ||||| |||| 00| 0 eng d |
| 020 ## - INTERNATIONAL STANDARD BOOK NUMBER | |
| International Standard Book Number | 9789350571316 |
| 082 ## - DEWEY DECIMAL CLASSIFICATION NUMBER | |
| Classification number | 005.5 SIT |
| 100 ## - MAIN ENTRY--PERSONAL NAME | |
| Personal name | SINGH, Shraddha |
| 245 ## - TITLE STATEMENT | |
| Title | Tally ERP 9: Power of Simplicity Tally. |
| 260 ## - PUBLICATION, DISTRIBUTION, ETC. (IMPRINT) | |
| Place of publication, distribution, etc | New Delhi |
| Name of publisher, distributor, etc | V & S Publishers |
| 300 ## - PHYSICAL DESCRIPTION | |
| Extent | 178 |
| 650 ## - SUBJECT ADDED ENTRY--TOPICAL TERM | |
| Topical term or geographic name as entry element | Tally . ERP 9 : Power of Simplicity (Commerce) |
| 700 ## - ADDED ENTRY--PERSONAL NAME | |
| Personal name | MEHRA, Navneet |
| 942 ## - ADDED ENTRY ELEMENTS (KOHA) | |
| Source of classification or shelving scheme | Dewey Decimal Classification |
| Koha item type | Text Books |
| 942 ## - ADDED ENTRY ELEMENTS (KOHA) | |
| -- | 3 |
| Withdrawn status | Lost status | Source of classification or shelving scheme | Damaged status | Not for loan | Collection code | Home library | Current library | Date acquired | Source of acquisition | Currency | Cost, normal purchase price | Bill Number | Total Checkouts | Full call number | Acc. no. / Barcode | Date last seen | Date last borrowed | Actual Cost, discounted price | Bill Date | Koha item type |
|---|---|---|---|---|---|---|---|---|---|---|---|---|---|---|---|---|---|---|---|---|
| Dewey Decimal Classification | B.Com | PIET NCR College Library | PIET NCR College Library | 11/04/2022 | Kirti Prakashan | Indian Rup | 295.00 | IN9 | 2 | 005.55 SIT | N2375 | 20/06/2023 | 15/06/2023 | 236.00 | 01/04/2022 | Text Books | ||||
| Dewey Decimal Classification | B.Com | PIET NCR College Library | PIET NCR College Library | 11/04/2022 | Kirti Prakashan | Indian Rup | 295.00 | IN9 | 2 | 005.55 SIT | N2376 | 27/02/2023 | 13/02/2023 | 236.00 | 01/04/2022 | Text Books |